La deriva del derecho penal y la democracia La lucha antiterrorista como rastreo de embriones de sospecha /

Bibliographic Details
Main Author: Pomares Cintas, Esther
Format: eBook
Language:Spanish
Published: Madrid: Dykinson, 2022
Subjects:
Online Access:Acceso restringido

MARC

LEADER 00000nam a22000007a 4500
005 20220816225613.0
007 cr|||| ||||
008 220816s2022 es |||||s|||| 00||0 spa d
020 |a 978-84-1122-233-4 
035 |a 36495 
040 |a vLex 
090 |c 13701  |d 13701 
100 1 |a Pomares Cintas, Esther 
245 1 2 |a La deriva del derecho penal y la democracia  |h [Recurso electrn̤ico] :  |b La lucha antiterrorista como rastreo de embriones de sospecha /  |c Esther Pomares Cintas 
256 |a Servicio en ln̕ea 
260 |a Madrid:  |b Dykinson,  |c 2022 
300 |a 1 recurso electrn̤ico 
500 |a No hay “viejos” ni “nuevos” terrorismos, sino viejos y nuevos objetivos que buscar en nombre de la lucha contra el terrorismo internacional cuya definicin̤ planea sobre confines imprecisos. No hay una definicin̤ universal de terrorismo, pero s ̕un nuevo y controvertido enfoque preventivo que, desde los inicios del segundo milenio, adquiere alcance universal con el color de la semǹtica de la guerra. A golpe de encadenadas Resoluciones del Consejo de Seguridad de Naciones Unidas tras los atentados del 11-S, perfeccionadas por el Derecho de la Unin̤ Europea, han irrumpido estructuras penales bajo la orientacin̤ ms̀ pragmt̀ica y represiva que se haya conocido en la agenda internacional y europea desde la segunda guerra mundial. Los instrumentos contemporǹeos de lucha contra el terrorismo internacional ya no giran en torno de la represin̤ de atentados terroristas. Son el sm̕bolo de un derecho penal mx̀imo encarnado esencialmente en la inhibicin̤ de radicalismos. El lema es adelantarse al peligro. Ello ha provocado el efecto de aumentar, bajo parm̀etros imprecisos, los espacios donde colocar la etiqueta terrorista, hasta vaciarla de significado. En definitiva, Esther Pomares demuestra cm̤o se ha logrado impregnar de connotaciones autoritarias las respuestas penales de las democracias post-representativas, desatando el efecto de desaliento o de “autocensura” en el ejercicio de derechos y libertades fundamentales: la deriva del derecho penal y la democracia. 
506 1 |a Disponible solo en los productos indicados  |d vLex Global  |d vLex Global (Academic Edition, excluding Law Schools)  |d vLex Global (U.S. Academic Edition, Law Schools)  |d vLex Global (U.S. Academic Edition, excluding Law Schools)  |d vLex Global (Academic Edition, Law Schools) 
650 0 4 |a Derecho Penal  |z Espaą 
740 0 |a vLex Libros (Servicio en ln̕ea) 
856 4 0 |u https://app.vlex.com/#/sources/36495  |z Acceso restringido 
942 |c BOOK 
999 0 |a Criminal law